000
00293nam a22001337a 4500
008
170601b xxu||||| |||| 00| 0 eng d
020
_a
0030449960
041
_a
eng
080
_2
2ND
_a
94
100
_a
17
101
_a
SHH
245
_a
PUBLIC POLICY MAKING
_c
ANDERSON,J,E
942
_2
udc
_c
BK
999
_c
15474
_d
15474